The global economy

Đã lưu trong:
书目详细资料
主要作者: Didsbury, Howard F.
格式: 图书
语言:Undetermined
出版: New York World Future Society 1985
主题:
标签: 添加标签
没有标签, 成为第一个标记此记录!
Thư viện lưu trữ: Trung tâm Học liệu Trường Đại học Cần Thơ
LEADER 00478nam a2200181Ia 4500
001 CTU_81755
008 210402s9999 xx 000 0 und d
082 |a 338.9 
082 |b D558 
100 |a Didsbury, Howard F. 
245 4 |a The global economy 
245 0 |c Howard F. Didsbury 
260 |a New York 
260 |b World Future Society 
260 |c 1985 
650 |a Economic policy 
904 |i Trọng Hải 
980 |a Trung tâm Học liệu Trường Đại học Cần Thơ